[Event "Central Asia Cup 1st"]
[Site "Tashkent"]
[Date "2011.10.26"]
[Round "9"]
[White "Antonova, Nadezhda"]
[Black "Magomedrasulov, Timur"]
[Result "1/2-1/2"]
[WhiteElo "1862"]
[BlackElo "2224"]
[PlyCount "97"]
[EventDate "2011.10.18"]
[EventType "swiss"]
[EventRounds "9"]
[EventCountry "UZB"]
[SourceTitle "CBM 144 Extra"]
[Source "ChessBase"]
[SourceDate "2011.10.28"]
[SourceVersion "1"]
[SourceVersionDate "2011.10.28"]
[SourceQuality "1"]

1. c4 c5 2. Nc3 e6 3. Nf3 b6 4. d4 cxd4 5. Nxd4 a6 6. e4 d6 7. Be2 Bb7 8. 0-0 Nf6 9. Bf3 Qc7 10. Qe2 Be7 11. Be3 0-0 12. Rac1 Nbd7 13. b3 Rac8 14. Rfd1 Rfe8 15. g3 Qb8 16. Bg2 Ne5 17. f3 h5 18. Na4 Bd8 19. Nc2 Nfd7 20. Qd2 Bc7 21. Kh1 Ng6 22. Qf2 Nc5 23. Nc3 Ne5 24. Ne1 Ng6 25. Ne2 Ne5 26. Nf4 g6 27. Nh3 Kg7 28. Qd2 Rh8 29. Bd4 f6 30. b4 Ncd7 31. Nd3 Rcd8 32. Ndf4 Rhe8 33. Be3 b5 34. cxb5 axb5 35. Qc3 Nc4 36. Ng5 Nf8 37. Bf2 e5 38. Ngh3 exf4 39. gxf4 Rc8 40. a4 Bb6 41. Bd4 Ne5 42. fxe5 dxe5 43. Bxb6 Rxc3 44. Rxc3 Rc8 45. Bc5 bxa4 46. Rcd3 Bc6 47. f4 exf4 48. Bd6 Qb7 49. Nxf4 1/2-1/2

[Event "Central Asia Cup 1st"]
[Site "Tashkent"]
[Date "2011.10.19"]
[Round "2"]
[White "Nasriddinzoda, Marvorii"]
[Black "Magomedrasulov, Timur"]
[Result "1-0"]
[WhiteElo "2027"]
[BlackElo "2224"]
[PlyCount "97"]
[EventDate "2011.10.18"]
[EventType "swiss"]
[EventRounds "9"]
[EventCountry "UZB"]
[SourceTitle "CBM 144 Extra"]
[Source "ChessBase"]
[SourceDate "2011.10.28"]
[SourceVersion "1"]
[SourceVersionDate "2011.10.28"]
[SourceQuality "1"]

1. e4 c5 2. Nf3 e6 3. c3 Nf6 4. d3 d6 5. Nbd2 Be7 6. Be2 0-0 7. 0-0 b6 8. Re1 Bb7 9. Qc2 Nbd7 10. Nf1 Qc7 11. Ng3 d5 12. Bf1 dxe4 13. dxe4 Rfd8 14. Bd2 Rac8 15. c4 Nf8 16. Bc3 N6d7 17. Rad1 Bf6 18. Nd2 Bxc3 19. Qxc3 Qe5 20. Qa3 a6 21. Nf3 Qc7 22. Qe3 Ne5 23. Be2 Nfg6 24. h3 Nxf3+ 25. Bxf3 Ne5 26. Be2 Nc6 27. f4 Nd4 28. Bd3 g6 29. Rf1 Re8 30. e5 Rcd8 31. Be4 h5 32. Bxb7 Qxb7 33. Ne4 Nf5 34. Nf6+ Kh8 35. Qf2 Rf8 36. g4 Ng7 37. Qe3 Rxd1 38. Rxd1 Ne8 39. f5 Nxf6 40. exf6 Kh7 41. fxe6 fxe6 42. Qxe6 Qf3 43. Qe7+ Kh6 44. Qxf8+ Kg5 45. Rd5+ Kh4 46. Qd6 Qe3+ 47. Kf1 Qc1+ 48. Kf2 Qxb2+ 49. Rd2 1-0